000 00812nam a2200301Ia 4500
001 15028
003 IT-RoPAU
008 130308s9999 xx 000 0 und d
040 _aIT-RoPAU
040 _cIT-RoPAU
041 _aFRANCESE
100 _aAstre Achille
100 _gCodice Aut. SPICS: 10503
245 _aCabarets litteraires et artistiques (Les)
245 _bSpectacles a Travers Les Ages (Les)
250 _a1a ed.
260 _aPARIS
260 _bEditions Du Cygne
260 _c1931 [1° Ed.:1931 - Ed.Ling.Originale:1931]
300 _a"38 p. (prefazione: no ; testo: 38 [pagine: 327-364])"
500 _aCabarets Letterari e Artistici
650 _aSTORIA DEL TEATRO
650 _eCodice materia Spics: 8408
942 _cBK
957 _71
999 _c61998
_d61998
999 _bSI
999 _g1